[Event "AUTO-OPEN-3292"]
[Site "http://www.queenalice.com/game.php?id=1295859"]
[Date "2014.7.19"]
[Round "1"]
[White "Takeda"]
[Black "Arwan"]
[Result "1-0"]
[WhiteElo "1999"]
[BlackElo "1887"]

1. e4 e5 2. Nf3 Nc6 3. d4 exd4 4. Nxd4 Qf6 5. Nxc6 Qxc6 6. Bd3 Nf6 7. O-O Be7 8.
Nc3 O-O 9. Be3 d6 10. Qe2 Be6 11. f4 a6 12. f5 Bd7 13. g4 b5 14. Rf2 Qb7 15. Re1
b4 16. Nd5 Nxd5 17. exd5 a5 18. Bd4 Bg5 19. Qf3 Qb8 20. Qg3 Qd8 21. f6 g6 22. h4
Qc8 23. hxg5 Bxg4 24. Re7 a4 25. Rf4 Bh5 26. Rfe4 b3 27. axb3 axb3 28. cxb3 c6
29. Qxd6 Qh3 30. Bc4 Ra1+ 31. Re1 Qg4+ 32. Kh2 Rxe1 33. Rxe1 Qxd4 34. Qe5 Qh4+
35. Kg2 Qg4+ 36. Qg3 Qf5 37. dxc6 Qc5 38. c7 Rc8 39. Re7 Qc6+ 40. Kh2 Bf3 41.
Rxf7 Kh8 42. Re7 Bd5 43. Qe5 Bh1 44. f7+ 1-0

[Event "AUTO-OPEN-3292"]
[Site "http://www.queenalice.com/game.php?id=1295860"]
[Date "2014.7.19"]
[Round "1"]
[White "Arwan"]
[Black "BALASH"]
[Result "1-0"]
[WhiteElo "1880"]
[BlackElo "1415"]

1. e4 e5 2. Nf3 Nc6 3. Bc4 h6 4. c3 Nf6 5. d3 a6 6. O-O Bc5 7. Qe2 d6 8. Be3 Bg4
9. Bxc5 Na5 10. Bxf7+ Kxf7 11. Bb4 Nc6 12. Ba3 Rf8 13. Nbd2 Ne7 14. Qe3 Nh5 15.
d4 Nf4 16. dxe5 Ne6 17. exd6 cxd6 18. b3 Kg8 19. Qd3 Nc5 20. Qc4+ Kh8 21. e5 b5
22. Qxg4 Rf5 23. Bb2 Rf7 24. e6 Rf6 25. c4 Rg6 26. Qd4 Rxe6 27. Qxg7# 1-0

[Event "AUTO-OPEN-3292"]
[Site "http://www.queenalice.com/game.php?id=1295861"]
[Date "2014.7.19"]
[Round "1"]
[White "BALASH"]
[Black "Arwan"]
[Result "0-1"]
[WhiteElo "1411"]
[BlackElo "1882"]

1. e4 e5 2. Nf3 Nc6 3. Bc4 Nf6 4. a3 d5 5. Bb5 Bg4 6. d3 Bc5 7. Bg5 Qd6 8. Nc3
h6 9. Bd2 O-O-O 10. O-O Kb8 11. h3 Bxf3 12. Qxf3 dxe4 13. Qe2 exd3 14. cxd3 Nd4
15. Qd1 a6 16. Bc4 Qe7 17. b4 Bb6 18. Be3 Rd7 19. Re1 Qd6 20. Ra2 g5 21. Bxd4
Qxd4 22. Qd2 Nh5 23. Rf1 Ng3 24. Re1 Nh5 25. Re4 Qd6 26. Nd5 Bd4 27. g3 Nxg3 28.
Kg2 Nxe4 29. dxe4 Ka7 30. Kf1 Rf8 31. b5 axb5 32. Bb3 f5 33. Qa5+ Kb8 34. a4
fxe4 35. Qxb5 c6 36. Qb4 cxd5 37. Qb5 e3 38. Bxd5 Qxd5 39. Qb1 Qh1+ 0-1

[Event "AUTO-OPEN-3294"]
[Site "http://www.queenalice.com/game.php?id=1296565"]
[Date "2014.7.22"]
[Round "1"]
[White "Arwan"]
[Black "guy92"]
[Result "0-1"]
[WhiteElo "1911"]
[BlackElo "1880"]

1. e4 e5 2. Nf3 Nf6 3. Nxe5 d6 4. Nf3 Nxe4 5. Qe2 Qe7 6. d3 Nf6 7. h3 Nc6 8. Nc3
Be6 9. Bg5 h6 10. Bh4 g5 11. Bg3 O-O-O 12. Qd2 Bxh3+ 13. Qe2 Qxe2+ 14. Nxe2 Be6
15. Nc3 Bg7 16. O-O-O Bg4 17. Be2 a6 18. Kb1 Rhe8 19. Rhe1 Nh5 20. Bh2 Bxc3 21.
bxc3 Be6 22. Nd2 Nf6 23. Nb3 Nd5 24. Kb2 Kb8 25. Bf3 g4 26. Be4 Nce7 27. Nd4 f5
28. Bxd5 Bxd5 29. g3 c5 30. Ne6 Bxe6 31. Rxe6 Ng8 32. Rde1 Rxe6 33. Rxe6 Kc7 34.
Kb3 Kd7 35. Re3 Re8 36. d4 Rxe3 37. fxe3 b6 38. Bg1 Ke6 39. Bf2 Nf6 40. Kc4 d5+
41. Kd3 c4+ 42. Ke2 Ne4 43. Be1 b5 44. Kd1 Kf6 45. Ke2 Kg6 46. Kf1 h5 47. Ke2
Ng5 48. Bf2 h4 49. gxh4 Ne4 50. Be1 Kh5 51. Kf1 g3 52. Kg2 Kxh4 53. a3 Kg4 54.
Kg1 Kf3 55. Kf1 Kxe3 56. Kg2 f4 57. Kf1 f3 0-1

[Event "AUTO-OPEN-3294"]
[Site "http://www.queenalice.com/game.php?id=1296566"]
[Date "2014.7.22"]
[Round "1"]
[White "guy92"]
[Black "Arwan"]
[Result "1-0"]
[WhiteElo "1964"]
[BlackElo "1909"]

1. d4 d5 2. c4 dxc4 3. Nc3 Nf6 4. e4 Nc6 5. d5 Ne5 6. Bf4 Ng6 7. Bg3 e6 8. Bxc4
Bb4 9. Qa4+ Bd7 10. Qxb4 b6 11. dxe6 fxe6 12. O-O-O Qe7 13. Qb3 c6 14. Nf3 O-O
15. e5 Nh8 16. exf6 gxf6 17. Rxd7 Qe8 18. Bxe6+ Nf7 19. Bd6 Kg7 20. Bxf8+ 1-0

[Event "AUTO-OPEN-3294"]
[Site "http://www.queenalice.com/game.php?id=1296567"]
[Date "2014.7.22"]
[Round "1"]
[White "Arwan"]
[Black "rockaudrey"]
[Result "1-0"]
[WhiteElo "1914"]
[BlackElo "1991"]

1. e4 e6 2. d4 d5 3. Nc3 a6 4. Nf3 c5 5. e5 Nc6 6. Be2 Qb6 7. dxc5 Bxc5 8. O-O
Nge7 9. b3 Qc7 10. Bf4 Ng6 11. Bg3 O-O 12. Na4 Ba7 13. Nc3 Ncxe5 14. Qd2 Nxf3+
15. Bxf3 Qa5 16. Qd3 Bd7 17. Bg4 Rac8 18. Ne2 Bb5 19. Qd1 Qb4 20. Bh3 Qe4 21.
Re1 Qb4 22. a3 Qc5 23. Ra2 Rfe8 24. Nd4 Qxd4 25. Bg4 Qxd1 26. Rxd1 Bb8 27. Bxb8
Rxb8 28. a4 Bc6 29. Bf3 Rbd8 30. Raa1 e5 31. g3 e4 32. Bg2 Ne5 33. Rd4 f5 34.
Rad1 Re6 35. c4 1-0

[Event "AUTO-OPEN-3294"]
[Site "http://www.queenalice.com/game.php?id=1296568"]
[Date "2014.7.22"]
[Round "1"]
[White "rockaudrey"]
[Black "Arwan"]
[Result "0-1"]
[WhiteElo "2012"]
[BlackElo "1893"]

1. e4 e5 2. Nf3 Nc6 3. d4 exd4 4. Nxd4 Bc5 5. Be3 Qf6 6. c3 Ne5 7. f3 d6 8. b4
Bb6 9. a4 a6 10. a5 Ba7 11. Be2 Ne7 12. O-O O-O 13. f4 N5c6 14. Rf3 Nxd4 15.
cxd4 Bg4 16. Rf2 Bxe2 17. Rxe2 Nc6 18. e5 dxe5 19. fxe5 Qf5 20. Rf2 Qd7 21. Rd2
Rad8 22. Kh1 Qf5 23. Rf2 Qg6 24. Rd2 Qf5 25. Nc3 b6 26. axb6 Bxb6 27. Rf2 Qg6
28. Ne2 Nxb4 29. Nf4 Qc6 30. Qg4 Nc2 31. Nh5 g6 32. Nf6+ Kh8 33. Qg5 Nxe3 34.
Qh6 Qxf6 35. Rxf6 Bxd4 36. Rb1 Ng4 0-1

[Event "AUTO-OPEN-3294"]
[Site "http://www.queenalice.com/game.php?id=1296569"]
[Date "2014.7.22"]
[Round "1"]
[White "Arwan"]
[Black "BigRezi"]
[Result "1-0"]
[WhiteElo "1878"]
[BlackElo "1702"]

1. e4 e5 2. Nf3 Nc6 3. Bb5 d6 4. Nc3 Bd7 5. Qe2 Nf6 6. d3 a6 7. Bc4 Be7 8. O-O
O-O 9. a3 Na5 10. Ba2 c5 11. Bd2 b5 12. b4 cxb4 13. axb4 Nc6 14. Nd5 Nxd5 15.
Bxd5 Rc8 16. Rxa6 Nd4 17. Nxd4 exd4 18. Rfa1 Rb8 19. Ra8 Rxa8 20. Rxa8 Qb6 21.
Rxf8+ Kxf8 22. Qd1 Bf6 23. Qc1 Qd8 24. f3 Qb6 25. Qa3 Be5 26. Qa8+ Ke7 27. Bg5+
Bf6 28. Bxf6+ Kxf6 29. Qf8 Bc6 30. Qxd6+ 1-0

[Event "AUTO-OPEN-3294"]
[Site "http://www.queenalice.com/game.php?id=1296570"]
[Date "2014.7.22"]
[Round "1"]
[White "BigRezi"]
[Black "Arwan"]
[Result "0-1"]
[WhiteElo "1710"]
[BlackElo "1903"]

1. e4 e5 2. Bc4 Nf6 3. d3 Nc6 4. a3 Bc5 5. Bg5 O-O 6. Nf3 Nd4 7. Nxe5 d6 8. Nf3
Bg4 9. Nbd2 h6 10. Bh4 c6 11. c3 Nxf3+ 12. Nxf3 d5 13. Bb3 dxe4 14. dxe4 Qxd1+
15. Rxd1 Nxe4 16. Rd3 Rfe8 17. O-O Bxf3 18. Rxf3 Kh8 19. Rxf7 Nd2 20. Bc2 Nxf1
21. Kxf1 Rf8 22. Rxb7 Bb6 23. Be4 Rac8 24. Bf5 Rxf5 0-1

[Event "AUTO-OPEN-3297"]
[Site "http://www.queenalice.com/game.php?id=1297649"]
[Date "2014.7.27"]
[Round "1"]
[White "Betim_Xadrez"]
[Black "Arwan"]
[Result "0-1"]
[WhiteElo "1851"]
[BlackElo "1896"]

1. e4 e5 2. Nf3 Nc6 3. Bb5 a6 4. Ba4 Nf6 5. Nc3 b5 6. Bb3 Be7 7. d3 O-O 8. O-O
d6 9. Bg5 Bg4 10. h3 Bh5 11. Qe2 Nd4 12. Qd1 Nxf3+ 13. gxf3 c5 14. Nd5 Nxd5 15.
Bxd5 Rb8 16. Bxe7 Qxe7 17. Kh2 Qf6 18. Kg3 Qg5+ 19. Kh2 Qf4+ 20. Kg2 Kh8 21. Rg1
f5 22. Re1 Rf6 23. Rg1 Bxf3+ 0-1

[Event "AUTO-OPEN-3297"]
[Site "http://www.queenalice.com/game.php?id=1297650"]
[Date "2014.7.27"]
[Round "1"]
[White "Arwan"]
[Black "Betim_Xadrez"]
[Result "1-0"]
[WhiteElo "1875"]
[BlackElo "1920"]

1. e4 e5 2. Nf3 Nc6 3. Nc3 Nf6 4. Bc4 Bc5 5. O-O O-O 6. d3 d6 7. Bg5 Bg4 8. a3
a6 9. Nd5 Nd4 10. Nxf6+ gxf6 11. Be3 b5 12. Bxd4 Bxd4 13. Bd5 Rb8 14. c3 Bb6 15.
h3 Bh5 16. b4 Kh8 17. d4 Qd7 18. Qd3 Rg8 19. Nh4 exd4 20. cxd4 Bxd4 21. Qxd4
Qxh3 22. Qxf6+ Rg7 23. Qxg7+ Kxg7 24. gxh3 Rg8 25. Rfc1 Kf6+ 26. Kf1 Rc8 27. Bb7
Re8 28. Rxc7 Kg5 29. Nf5 Rd8 30. Bd5 f6 31. h4+ Kg4 32. Rxh7 Bg6 33. Rg7 Kh5 34.
Ng3+ Kh6 35. Ra7 Rc8 36. Rxa6 Rc2 37. Rxd6 Rc3 38. Rxf6 Kg7 39. Rb6 Rd3 40. Rxb5
Kf6 41. a4 Ke5 42. Bc4+ Kd4 43. Bxd3 Bxe4 44. Bxe4 Kc4 45. Rb1 Kd4 46. Rd5+ Kc4
47. Rc5+ 1-0

[Event "AUTO-OPEN-3297"]
[Site "http://www.queenalice.com/game.php?id=1297671"]
[Date "2014.7.27"]
[Round "1"]
[White "maurice91"]
[Black "Arwan"]
[Result "1-0"]
[WhiteElo "1815"]
[BlackElo "1899"]

1. d4 d5 2. Nf3 Nc6 3. Bf4 Nf6 4. Nbd2 Bg4 5. e3 e6 6. Be2 Be7 7. h3 Bh5 8. Ne5
Bxe2 9. Nxc6 Bxd1 10. Nxd8 Bxc2 11. Nxf7 Kxf7 12. Bxc7 Bb4 13. a3 Rac8 14. Be5
Ne4 15. axb4 Bd3 16. Nxe4 dxe4 17. f4 Rc4 18. b5 Rhc8 19. Kf2 Rc2+ 20. Kg3 h5
21. Rxa7 Kg6 22. Rxb7 Re2 23. Rxg7+ Kf5 24. Rg5# 1-0

[Event "AUTO-OPEN-3297"]
[Site "http://www.queenalice.com/game.php?id=1297672"]
[Date "2014.7.27"]
[Round "1"]
[White "Arwan"]
[Black "maurice91"]
[Result "1-0"]
[WhiteElo "1891"]
[BlackElo "1835"]

1. e4 c6 2. d4 d5 3. Nc3 dxe4 4. Nxe4 Bf5 5. Nc5 Qc7 6. Nf3 e6 7. Nb3 Nf6 8. Bd3
Bxd3 9. Qxd3 Na6 10. c3 Be7 11. O-O Rd8 12. Be3 O-O 13. Rad1 c5 14. Qd2 c4 15.
Nc1 Nd5 16. b3 b5 17. Ne2 Bf6 18. Nf4 Nxe3 19. Qxe3 Qb8 20. Ne5 Nc7 21. Nc6 Qb6
22. Nxd8 Rxd8 23. Qg3 Qd6 24. Nh5 Qxg3 25. Nxf6+ gxf6 26. fxg3 Nd5 27. Rf3 f5
28. Rb1 cxb3 29. axb3 Rc8 30. Rc1 b4 31. c4 Nc3 32. Kf1 h5 33. Rd3 Kg7 34. Kf2
Ne4+ 35. Ke3 f6 36. Kf4 Kg6 37. h3 Rd8 38. g4 hxg4 39. hxg4 Nf2 40. Rd2 Nxg4 41.
d5 e5+ 42. Kf3 Kg5 43. d6 e4+ 44. Ke2 Ne5 45. c5 Nd3 46. Rc4 Nf4+ 47. Ke3 a5 48.
c6 Nd3 49. c7 Re8 50. c8=Q f4+ 51. Ke2 f3+ 52. gxf3 Rxc8 53. Rxc8 Nf4+ 54. Ke3
1-0

[Event "Challenge"]
[Site "http://www.queenalice.com/game.php?id=1299802"]
[Date "2014.8.6"]
[Round "-"]
[White "Arwan"]
[Black "EderDMachado"]
[Result "1-0"]
[WhiteElo "1905"]
[BlackElo "1006"]

1. e4 Nf6 2. e5 Nd5 3. c4 Nb4 4. Nc3 N8c6 5. a3 Na6 6. Nf3 e6 7. Be2 Bc5 8. d4
Bb6 9. c5 Ba5 10. Bd2 h5 11. Bg5 1-0

[Event "AUTO-OPEN-3297"]
[Site "http://www.queenalice.com/game.php?id=1322826"]
[Date "2014.11.17"]
[Round "2"]
[White "Pagano"]
[Black "Arwan"]
[Result "0-1"]
[WhiteElo "2060"]
[BlackElo "1933"]

1. e4 e5 2. f4 exf4 3. Nf3 g5 4. Bc4 Bg7 5. O-O d6 6. d4 Nf6 7. Nxg5 Be6 8. Bxe6
fxe6 9. Nxe6 Qd7 10. Nxg7+ Qxg7 11. Bxf4 Nc6 12. Nc3 O-O-O 13. d5 Ne7 14. Qd4
Rhg8 15. Bg3 Rdf8 16. Qxa7 Nh5 17. Rxf8+ Rxf8 18. Qa8+ Kd7 19. Qxb7 Nxg3 20.
hxg3 Qxg3 21. Qb5+ Kc8 22. Qa6+ Kd8 23. Qe2 Ng6 24. Rf1 Nf4 25. Qe1 Nh3+ 26. Kh1
Rxf1+ 0-1

[Event "AUTO-OPEN-3297"]
[Site "http://www.queenalice.com/game.php?id=1322827"]
[Date "2014.11.17"]
[Round "2"]
[White "Arwan"]
[Black "Pagano"]
[Result "1-0"]
[WhiteElo "1954"]
[BlackElo "2039"]

1. e4 c6 2. d4 d5 3. Nc3 dxe4 4. Nxe4 Bf5 5. Ng3 Bg6 6. Nf3 Nf6 7. Bd3 Bxd3 8.
Qxd3 Nbd7 9. O-O e6 10. Bg5 Bd6 11. Ne4 Be7 12. c3 Nxe4 13. Bxe7 Qxe7 14. Qxe4
Nf6 15. Qe2 O-O 16. Ne5 Rfd8 17. a3 c5 18. dxc5 Qxc5 19. Nf3 Rd5 20. Rfd1 Rad8
21. Nd4 e5 22. Nc2 Qb5 23. Rxd5 Qxd5 24. Re1 Qd2 25. Qxd2 Rxd2 26. Rc1 Kf8 27.
b3 Ne4 28. Ne3 1-0

[Event "AUTO-OPEN-3297"]
[Site "http://www.queenalice.com/game.php?id=1332452"]
[Date "2015.1.3"]
[Round "3"]
[White "goldenboy"]
[Black "Arwan"]
[Result "1-0"]
[WhiteElo "2115"]
[BlackElo "1975"]

1. e4 e5 2. f4 exf4 3. Nf3 g5 4. Bc4 Bg7 5. d4 d6 6. c3 Bg4 7. Qb3 b6 8. Bxf7+
Kd7 9. Qe6+ Kc6 10. Qd5+ Kd7 11. Qxa8 Nc6 12. Qxd8+ Nxd8 13. Bxg8 Rxg8 14. Nxg5
h6 15. Nf3 Rf8 16. O-O Kc8 17. h3 Bh5 18. Nh4 Ne6 19. Nf5 Bf6 20. Bxf4 Nxf4 21.
Rxf4 Bg5 22. Nxd6+ Kd7 23. Rxf8 1-0

[Event "AUTO-OPEN-3297"]
[Site "http://www.queenalice.com/game.php?id=1332453"]
[Date "2015.1.3"]
[Round "3"]
[White "Arwan"]
[Black "goldenboy"]
[Result "0-1"]
[WhiteElo "1916"]
[BlackElo "2079"]

1. e4 e5 2. Nf3 Nc6 3. Bc4 Bc5 4. O-O d6 5. c3 Bg4 6. Be2 Nf6 7. d3 O-O 8. Bg5
h6 9. Bh4 g5 10. Bg3 Nh5 11. d4 exd4 12. cxd4 Bxf3 13. dxc5 Bxe2 14. Qxe2 Nxg3
15. fxg3 dxc5 16. Nc3 Qd4+ 17. Kh1 Ne5 18. Nb5 Qd7 19. Rf6 Kg7 20. Raf1 a6 21.
Nc3 Qd3 22. Qf2 Qd7 23. h3 c6 24. Nd1 Rad8 25. Qxc5 Qd4 26. Qe7 Rd7 27. Qa3 Qxe4
28. Qb3 Qd3 29. Qb4 Qxg3 30. Qe4 Rxd1 31. Rxd1 Kxf6 32. Rd6+ Kg7 33. Qd4 Re8 34.
b3 f6 35. Qe4 Nf7 36. Qxe8 Qxd6 37. Qe2 Qe5 38. Qd2 Nd6 39. a4 Ne4 40. Qd7+ Kg6
41. Qxb7 Ng3+ 42. Kh2 h5 43. Qxc6 h4 44. Qc2+ Qf5 45. Qd1 Qf1 46. Qxf1 Nxf1+ 47.
Kg1 Nd2 48. b4 Nc4 49. b5 axb5 50. axb5 f5 51. Kf2 g4 52. hxg4 fxg4 53. Ke2 Kf5
54. Kd3 Nb6 55. Ke3 Ke5 56. Ke2 Kf4 57. Kf2 g3+ 58. Ke2 Kg4 59. Kf1 h3 60. Kg1
Nc4 61. Kh1 Nd6 62. b6 h2 63. b7 Ne4 0-1

[Event "Challenge"]
[Site "http://www.queenalice.com/game.php?id=1336585"]
[Date "2015.1.23"]
[Round "-"]
[White "filomenos"]
[Black "Arwan"]
[Result "1-0"]
[WhiteElo "1959"]
[BlackElo "1965"]

1. d4 d5 2. g3 Nf6 3. Bg2 g6 4. Nf3 Nc6 5. O-O Bg7 6. c3 O-O 7. Nbd2 Bd7 8. Nb3
b6 9. Bf4 e6 10. Nfd2 Rb8 11. e4 dxe4 12. Nxe4 Nxe4 13. Bxe4 Re8 14. Bg2 e5 15.
dxe5 Nxe5 16. Bxe5 Bxe5 17. Re1 Bd6 18. Qd2 Bf8 19. Re3 Rxe3 20. Qxe3 Be6 21.
Nd4 Bc8 22. Nc6 Qd6 23. Nxb8 Be7 24. Re1 Kf8 25. Nc6 Be6 26. Nxe7 Qxe7 27. Bd5
Kg8 28. Bxe6 fxe6 29. Qxe6+ Qxe6 30. Rxe6 1-0

[Event "Challenge"]
[Site "http://www.queenalice.com/game.php?id=1336593"]
[Date "2015.1.23"]
[Round "-"]
[White "Arwan"]
[Black "filomenos"]
[Result "0-1"]
[WhiteElo "1932"]
[BlackElo "1943"]

1. e4 d5 2. exd5 Qxd5 3. Nc3 Qe6+ 4. Qe2 Qxe2+ 5. Bxe2 c6 6. Nf3 g6 7. d3 Bg7 8.
Bd2 Nf6 9. O-O Bg4 10. Rfe1 Bxf3 11. Bxf3 O-O 12. Rxe7 Nbd7 13. Rae1 Rae8 14.
Rxe8 Rxe8 15. b3 Rd8 16. Bg5 Re8 17. Rxe8+ Nxe8 18. Ne4 Bf6 19. Nxf6+ Nexf6 20.
d4 Ne8 21. b4 Nd6 22. c3 Kg7 23. a4 Nb6 24. a5 Nd5 25. Bxd5 cxd5 26. Kf1 Ne4 27.
Bd8 Nxc3 28. Bc7 Kf6 29. Be5+ Kf5 30. f3 Na2 31. b5 Nc3 32. b6 a6 33. Bg3 Nb5
34. Bf2 Nd6 35. Ke2 Nc4 36. Be1 h5 37. g3 g5 38. Kd3 g4 39. f4 Ke6 40. Bb4 Kd7
41. Bc3 Kc6 42. Kc2 Kb5 43. Kd3 Nxa5 44. Bd2 Kxb6 45. Kc3 Nc4 46. Bc1 Kb5 47.
Kb3 a5 48. Ka2 a4 49. Kb1 Kb4 50. Ka2 a3 51. f5 Ka4 52. Bf4 b5 53. Bc1 b4 54.
Ka1 Kb3 55. f6 Kc2 56. Bh6 b3 57. Bc1 Kxc1 58. h3 b2+ 59. Ka2 b1=Q# 0-1

[Event "Challenge"]
[Site "http://www.queenalice.com/game.php?id=1337427"]
[Date "2015.1.27"]
[Round "-"]
[White "jpribeiro"]
[Black "Arwan"]
[Result "1-0"]
[WhiteElo "1935"]
[BlackElo "1949"]

1. e4 e5 2. Nf3 Nc6 3. Bb5 a6 4. Ba4 Nf6 5. O-O Be7 6. Re1 b5 7. Bb3 O-O 8. c3
Bb7 9. d4 exd4 10. cxd4 d5 11. e5 Ne4 12. Nbd2 Bb4 13. a3 Ba5 14. Nxe4 Bxe1 15.
Nc5 Bxf2+ 16. Kxf2 Bc8 17. Bg5 Ne7 18. Bxe7 Qxe7 19. Bxd5 Rb8 20. b4 Bg4 21. h3
Be6 22. Bxe6 fxe6 23. Nxa6 Ra8 24. Nc5 c6 25. Kg1 Qf7 26. Qb3 Qg6 27. Qxe6+ Qxe6
28. Nxe6 Rf7 29. Nc5 Kf8 30. Ng5 Rf5 31. Nge6+ Kf7 32. g4 Rf3 33. Ng5+ Ke7 34.
Nxf3 1-0